000 00620nam a2200229Ia 4500
003 OSt
005 20221007074857.0
006 a|||||r|||| 00| 0
007 ta
008 221006b |||||||| |||| 00| 0 eng d
024 _a18,707
037 _cTextual
040 _aFLL
_cFLL
_beng
041 _2eng
_aeng
082 _aZ1,218, M5
100 _aGhose S.K. Au.
_9683733
245 0 _aAircraft hijacking and the developing law
260 _aNew Delhi
_bAshish publishing house India
_c1985
300 _a160p
_ccm.
942 _hZ1,218, M5
_cTEXL
_2CC
999 _c1154000
_d1154000